000 00383 a2200169 4500
001 184646
020 _a
040 _cMagnum
100 _aAmado, Jorge
240 1 0 _aA morte e a morte de Quincas Berro Dágua
_lpor
245 1 0 _aA morte e a morte de Quincas Berro Dágua
300 _a103
362 0 _a1979
440 1 _aRecord
697 _aLITERATURA GERAL
942 _cBK
999 _c184646
_d184646